000 01220nam a22001697a 4500
008 110620t xxu||||| |||| 00| 0 eng d
010 _aCACAF-61
245 _aCourt of Appeal Civil Appeal No. 35 of 2002 Kikonda Butema Farms Ltd Vs The Inspector General of Government.
260 _c2002
500 _aHon Lady Justice A.E.N. Mpagi-Bahigeine, JA Hon Lady Justice C.N.B. Kitumba, JA Hon. Lady Justice C.K.Byamugisha,JA.
500 _aArising out of the ruling and order of the High Court of Uganda sitting at Kampala Katitsi J. dated the 13/March/2002 in High Court Miscellaneous Cause No. 130 of 2001
999 _c3386
_d3386